Normal view MARC view

Entry Nombre corporativo

Number of records used in: 1

001 - NÚMERO DE CONTROL

  • campo de control: 22163

003 - IDENTIFICADOR DE NÚMERO DE CONTROL

  • campo de control: OSt

005 - FECHA Y HORA DE LA ÚLTIMA TRANSACCIÓN

  • campo de control: 20221005160159.0

008 - ELEMENTOS DE DATO DE LONGITUD-FIJA

  • campo de control de longitud fija: 221005|| aca||aabn | a|a d

040 ## - FUENTE DE CATALOGACIÓN

  • Centro catalogador/agencia de origen: OSt
  • Centro/agencia transcriptor: OSt

110 ## - ENCABEZAMIENTO-NOMBRE DE ENTIDAD CORPORATIVA

  • Nombre de entidad corporativa o nombre de jurisdicción como elemento de entrada: JORNADAS UNIVERSITARIAS VALENCIANAS DE DERECHO DEL TRABAJO Y DE LA SEGURIDAD SOCIAL
  • Número del congreso/reunión o número de parte o sección:
  • Sede del congreso/Lugar de la reunión: Castellón de la Plana
  • Fecha del congreso o de la firma del tratado: 2008

670 ## - FUENTE DE DATOS ENCONTRADOS

  • Cita de la fuente: Work cat.: (OSt)24288: JORNADAS UNIVERSITARIAS VALENCIANAS DE DERECHO DEL TRABAJO Y DE LA SEGURIDAD SOCIAL 3ª Castellón de la Plana 2008, <La> reforma de la seguridad social :, 2009

Powered by Koha